125 one-transistor projects, (Record no. 129690)

MARC details
000 -LEADER
fixed length control field 00715cam a2200253 4500
008 - FIXED-LENGTH DATA ELEMENTS--GENERAL INFORMATION
fixed length control field 710226s1970 paua 000 0 eng
010 ## - LIBRARY OF CONGRESS CONTROL NUMBER
LC control number 72129045
020 ## - INTERNATIONAL STANDARD BOOK NUMBER
International Standard Book Number 0830695370
040 ## - CATALOGING SOURCE
Original cataloging agency DLC
Transcribing agency DLC
Modifying agency DLC
050 00 - LIBRARY OF CONGRESS CALL NUMBER
Classification number TK7867
Item number .T87
082 00 - DEWEY DECIMAL CLASSIFICATION NUMBER
Classification number 621.38153
092 04 - LOCALLY ASSIGNED DEWEY CALL NUMBER (OCLC)
Classification number 621.38153
Item number T9519
Edition number 21
099 ## - LOCAL FREE-TEXT CALL NUMBER (OCLC)
Classification number 04
-- 621.38153 T9519
100 1# - MAIN ENTRY--PERSONAL NAME
Personal name Turner, Rufus P.
245 10 - TITLE STATEMENT
Title 125 one-transistor projects,
Statement of responsibility, etc. by Rufus P. Turner.
260 ## - PUBLICATION, DISTRIBUTION, ETC.
Place of publication, distribution, etc. Blue Ridge Summit, Pa.,
Name of publisher, distributor, etc. Tab Books
Date of publication, distribution, etc. 1970
300 ## - PHYSICAL DESCRIPTION
Extent 192 p.
Other physical details illus.
Dimensions 23 cm.
650 #0 - SUBJECT ADDED ENTRY--TOPICAL TERM
Topical term or geographic name entry element Transistor circuits.
902 ## - LOCAL DATA ELEMENT B, LDB (RLIN)
No. of Items 1
905 ## - LOCAL DATA ELEMENT E, LDE (RLIN)
Cataloger Eman
Reviser Rev.
905 ## - LOCAL DATA ELEMENT E, LDE (RLIN)
Cataloger Jamal
Reviser Cat.
942 ## - ADDED ENTRY ELEMENTS (KOHA)
Source of classification or shelving scheme Dewey Decimal Classification
Koha item type Books
Holdings
Source of classification or shelving scheme Not for loan Home library Current library Date acquired Full call number Barcode Date last seen Copy number Koha item type
Dewey Decimal Classification   المكتبة المركزبة الجديدة - جامعة القاهرة قاعة الكتب - الدور الثاني 11.02.2024 621.38153 T9519 01000110197053000 23.09.2023 C.1 Books
Cairo University Libraries Portal Implemented & Customized by: Eng. M. Mohamady Contacts: new-lib@cl.cu.edu.eg | cnul@cl.cu.edu.eg
CUCL logo CNUL logo
© All rights reserved — Cairo University Libraries
CUCL logo
Implemented & Customized by: Eng. M. Mohamady Contact: new-lib@cl.cu.edu.eg © All rights reserved — New Central Library
CNUL logo
Implemented & Customized by: Eng. M. Mohamady Contact: cnul@cl.cu.edu.eg © All rights reserved — Cairo National University Library